FUNDAMENTALS OF ELECTRICITY AND MAGNETISM. (Record no. 216978)
[ view plain ]
| 000 -LEADER | |
|---|---|
| fixed length control field | 00495nam a22001697a 4500 |
| 008 - FIXED-LENGTH DATA ELEMENTS--GENERAL INFORMATION | |
| fixed length control field | 260415b |||||||| |||| 00| 0 eng d |
| 020 ## - INTERNATIONAL STANDARD BOOK NUMBER | |
| International Standard Book Number | 978-81-203-4964-3 |
| 050 ## - LIBRARY OF CONGRESS CALL NUMBER | |
| Classification number | QC 523 .C43 2014 |
| 100 ## - MAIN ENTRY--PERSONAL NAME | |
| Personal name | CHATTERJEE, SANAT KUMAR |
| 245 ## - TITLE STATEMENT | |
| Title | FUNDAMENTALS OF ELECTRICITY AND MAGNETISM. |
| 260 ## - PUBLICATION, DISTRIBUTION, ETC. | |
| Place of publication, distribution, etc. | DELHI, |
| Name of publisher, distributor, etc. | PHI LEARNING PRIVATE LIMITED, |
| Date of publication, distribution, etc. | 2014. |
| 300 ## - PHYSICAL DESCRIPTION | |
| Extent | XV,259 P, ILL |
| 500 ## - GENERAL NOTE | |
| General note | INCLUDES INDEX. |
| 650 ## - SUBJECT ADDED ENTRY | |
| Topical term or geographic name entry element | ELECTRICITY 2. MAGNETISM |
| 942 ## - ADDED ENTRY ELEMENTS (KOHA) | |
| Source of classification or shelving scheme | Library of Congress Classification |
| Koha item type | Long Loan Book |
| Withdrawn status | Lost status | Source of classification or shelving scheme | Damaged status | Not for loan | Collection | Home library | Current library | Shelving location | Date acquired | Inventory number | Total checkouts | Full call number | Barcode | Date last seen | Copy number | Price effective from | Koha item type |
|---|---|---|---|---|---|---|---|---|---|---|---|---|---|---|---|---|---|
| Library of Congress Classification | Science & Technology | Kisii University Library | Kisii University Library | On Display | 04/15/2026 | 112779 | QC 523 .C43 2014 | a001558 | 04/15/2026 | 1 | 04/15/2026 | Long Loan Book | |||||
| Library of Congress Classification | Science & Technology | Kisii University Library | Kisii University Library | On Display | 04/15/2026 | 112780 | QC 523 .C43 2014 | a001555 | 04/15/2026 | 2 | 04/15/2026 | Long Loan Book | |||||
| Library of Congress Classification | Science & Technology | Kisii University Library | Kisii University Library | On Display | 04/15/2026 | 112781 | QC 523 .C43 2014 | a001556 | 04/15/2026 | 3 | 04/15/2026 | Long Loan Book | |||||
| Library of Congress Classification | Science & Technology | Kisii University Library | Kisii University Library | On Display | 04/15/2026 | 112782 | QC 523 .C43 2014 | a001553 | 04/15/2026 | 4 | 04/15/2026 | Long Loan Book |